La Condición de la mujer en el área mediterránea.

Guardado en:
Detalles Bibliográficos
Autor principal: Tillion, Germaine (autor)
Formato: Libro
Idioma:Español
Colección:(Historia ciencia, sociedad ; no. 21)
Temas:
Etiquetas: Agrega una etiqueta
Sin etiquetas, Sé el primero en etiquetar este registro!

MARC

LEADER 00000cam^a2200000uu^4500
001 000463500
005 20250521000000.0
008 050901s1967^^^^^^^^^^^^rd^r^^000^0^spa^d
009 20260310124313.593
035 |a FCE 000006050 
035 |a FCE 024060 
037 |a Acervo ITESO - Biblioteca 
041 |a spa 
082 0 4 |a 305.4  |b TILc 
100 |a Tillion, Germaine  |e (autor) 
245 1 3 |a La Condición de la mujer en el área mediterránea. 
264 |a Barcelona :  |b Península,  |c 1967. 
300 |a 211 p. 
336 |a texto  |b txt  |2 rdacontenido 
337 |a sin mediación  |b n  |2 rdamedio 
338 |a volumen  |b nc  |2 rdasoporte 
440 0 |a (Historia ciencia, sociedad ;  |v no. 21) 
596 |a traducción de : le harem et les cousins 
649 |a XX 
650 |a Historia 
650 |a Mujer 
650 |a Condición social 
650 |a Edad media 
650 |a Antiguedad 
650 |a Países mediterráneos 
910 |a Fondo Centro de Estudios Educativos 
920 |a Impresos - Libros 
930 |a Fondos Especiales 
905 |a 133 
901 |a ALE024060  |b IT2  |c CEE  |u 20250521 
902 |a https://opac.biblio.iteso.mx/vufind/Record/000463500